| 000 | 00927cad a22002055a 4500 | ||
|---|---|---|---|
| 001 | E153180 | ||
| 008 | 110620e20110301xxk 000 0 eng d | ||
| 035 | _a(Sirsi) u153180 | ||
| 041 | 0 | _aeng | |
| 100 | 1 | _aReaney, Paul | |
| 245 | 0 | 0 |
_aRICS members advise on the use of cavity wall insulation _h[electronic resource] |
| 260 | _c2011 | ||
| 490 |
_aRICS Feature _v1 March 2011 |
||
| 520 | _aDiscusses issues to be considered by home owners in Scotland before opting to have cavity wall insulation. Aspects discussed include the age and construction type of the property, as well as the type of fill material being used and the closing of cavities. | ||
| 590 | _aKA | ||
| 651 | 4 |
_aScotland _y1999- |
|
| 690 | _aENVIRONMENTAL AND LAND CONSULTANCY-ENERGY-ENERGY USE-ENERGY EFFICIENCY | ||
| 856 | 4 | 0 |
_uhttps://www.rics.org/site/scripts/news_article.aspx?newsID=2120 _zView the article free of charge at www.rics.org |
| 942 | _n0 | ||
| 999 |
_c83220 _d83220 |
||